|
|
|
|
| LEADER |
02538nam a2200361 a 4500 |
| 001 |
33822 |
| 003 |
BD-DhAAL |
| 005 |
20190623150004.0 |
| 008 |
180930t2018 bg a|||| |||| 001 0 eng d |
| 999 |
|
|
|c 40105
|d 40105
|
| 020 |
|
|
|a 9847021401352
|
| 040 |
|
|
|a BD-DhAAL
|
| 041 |
|
|
|a ENG
|a BEN
|
| 082 |
|
|
|2 23
|a 954.9205092
|
| 245 |
|
|
|a Secret documents of intelligence branch on :
|b father of the Nnation bangabandhu sheikh mujibur rahman 1948-71 /
|c edited by Sheikh Hasina
|n Declassified documents Vol. I (1948 - 1950)
|
| 260 |
|
|
|a Dhaka :
|b Hakkani Publishers,
|c 2018
|
| 300 |
|
|
|a lvi, 582 pages :
|b illustrations ;
|c 27 cm.
|
| 500 |
|
|
|a includes index
|
| 526 |
|
|
|a AAL
|
| 541 |
|
|
|a Hakkani Publishers
|e 33822, 33823, 33824, 33825, 33826
|
| 600 |
|
|
|a Mujibur Rahman, Sheikh
|d 1920-1975
|9 28318
|
| 651 |
|
|
|a Bangladesh
|x Politics and government
|9 28319
|
| 700 |
|
|
|a Hasina, Sheikh
|9 28320
|
| 852 |
|
|
|a Ayesha Abed Library
|c General Stacks
|
| 942 |
|
|
|2 ddc
|c BK
|
| 952 |
|
|
|0 0
|1 0
|2 ddc
|4 0
|6 954_920509200000000_SEC
|7 0
|9 64411
|a BRACUL
|b BRACUL
|c BNC
|d 2018-09-24
|e Hakkani Publishers
|g 800.00
|l 0
|o 954.9205092 SEC
|p 3010033823
|r 2018-09-24
|t 2
|v 800.00
|w 2018-09-24
|y BK
|
| 952 |
|
|
|0 0
|1 0
|2 ddc
|4 0
|6 954_920509200000000_SEC
|7 0
|9 64412
|a BRACUL
|b BRACUL
|c BNC
|d 2018-09-24
|e Hakkani Publishers
|g 800.00
|l 0
|o 954.9205092 SEC
|p 3010033825
|r 2018-09-24
|t 4
|v 800.00
|w 2018-09-24
|y BK
|
| 952 |
|
|
|0 0
|1 0
|2 ddc
|4 0
|6 954_920509200000000_SEC
|7 0
|9 64413
|a BRACUL
|b BRACUL
|c BNC
|d 2018-09-24
|e Hakkani Publishers
|g 800.00
|l 0
|o 954.9205092 SEC
|p 3010033822
|r 2018-09-24
|t 1
|v 800.00
|w 2018-09-24
|y BK
|
| 952 |
|
|
|0 0
|1 0
|2 ddc
|4 0
|6 954_920509200000000_SEC
|7 0
|9 64414
|a BRACUL
|b BRACUL
|c BNC
|d 2018-09-24
|e Hakkani Publishers
|g 800.00
|l 2
|m 2
|o 954.9205092 SEC
|p 3010033826
|r 2022-06-01
|s 2022-05-17
|t 5
|v 800.00
|w 2018-09-24
|y BK
|
| 952 |
|
|
|0 0
|1 0
|2 ddc
|4 0
|6 954_920509200000000_SEC
|7 0
|9 64415
|a BRACUL
|b BRACUL
|c BNC
|d 2018-09-24
|e Hakkani Publishers
|g 800.00
|l 1
|o 954.9205092 SEC
|p 3010033824
|r 2020-03-08
|s 2020-03-03
|t 3
|v 800.00
|w 2018-09-24
|y BK
|
| 952 |
|
|
|0 0
|1 0
|2 ddc
|4 0
|6 954_920509200000000_SEC
|7 0
|9 64443
|a SCL
|b SCL
|c GEN
|d 2018-10-01
|e Hakkani Publishers
|g 800.00
|l 0
|o 954.9205092 SEC
|p 3020009721
|r 2018-10-01
|t 6
|v 800.00
|w 2018-10-01
|y BK
|
| 952 |
|
|
|0 0
|1 0
|2 ddc
|4 0
|6 954_920509200000000_SEC
|7 0
|9 64444
|a SCL
|b SCL
|c GEN
|d 2018-10-01
|e Hakkani Publishers
|g 800.00
|l 0
|o 954.9205092 SEC
|p 3020009720
|r 2018-10-01
|t 7
|v 800.00
|w 2018-10-01
|y BK
|
| 952 |
|
|
|0 0
|1 0
|2 ddc
|4 0
|6 954_920509200000000_SEC
|7 0
|9 64445
|a SCL
|b SCL
|c GEN
|d 2018-10-01
|e Hakkani Publishers
|g 800.00
|l 1
|m 2
|o 954.9205092 SEC
|p 3020009722
|r 2019-04-06
|s 2019-01-22
|t 8
|v 800.00
|w 2018-10-01
|y BK
|